00886nam a2200193 a 450000100100000000500170001000800410002702000180006804000250008608200150011110000280012624501230015426000380027730000210031595201130033695201130044995201130056299900170067500004743120201002060533.0180529s2017 dr 000 spa d a9789945590647 aDO-SdBNPbspacBNPHU axxxbB562i1 aBetances, Emelio971217 3aLa iglesia católica y la política del poder en América Latina :. :bel caso dominicano en perspectiva comparada. aSanto Domingo :bFunglode,c2017. a396 p. ;c24 cm. 0010718PDaGRbGRcHDd2018-05-29iLF1l0oxxx B562ip47431-30r2020-06-25w2020-06-25yLFPDZNo se presta 0010718PDaPDbPDcHDd2018-05-29iLF1l0oxxx B562ip47431-10r2020-06-25w2020-06-25yLFPDZNo se presta 0010718PDaPDbPDcHDd2018-05-29iLF1l0oxxx B562ip47431-20r2020-06-25w2020-06-25yLFPDZNo se presta c46919d46919